All Tally Hall Songs (+ Side Projects) - Statistics

General Stats
  • This quiz has been taken 68 times
    67 since last reset
  • The average score is 156 of 493
Answer Stats
Hint Answer % Correct
Good & Evil &
95%
Admittedly Incomplete Demos Go (Demo)
88%
2006 Residency Tour EP | Complete Demos | Marvin's Marvelous Mechanical Museum (2005) | +4 others Good Day
88%
The Pingry EP Good Day (Mitch Albom Excerpt)
88%
Marvin's Marvelous Mechanical Museum (2008 Bonus Downloads) | Marvin's Marvelous Mechanical Museum (2008) (Bonus) Dream
83%
2006 Residency Tour EP | Complete Demos | Marvin's Marvelous Mechanical Museum (2005) | +4 others Greener
83%
2006 Residency Tour EP | Complete Demos | Marvin's Marvelous Mechanical Museum (2005) | +3 others Welcome to Tally Hall
83%
Admittedly Incomplete Demos Welcome to Tally Hall (Acoustic Demo)
83%
Admittedly Incomplete Demos Welcome To Tally Hall (Reprise) (Demo)
83%
Good & Evil You
80%
Complete Demos | Marvin's Marvelous Mechanical Museum (2005) | Marvin's Marvelous Mechanical Museum (2008 Vinyl) Side B | +3 others Banana Man
75%
Admittedly Incomplete Demos Banana Man (Lounge Version)
75%
Marvin's Marvelous Mechanical Museum (2008 Bonus Downloads) | Marvin's Marvelous Mechanical Museum (2008) (Bonus) Mucka Blucka
75%
Complete Demos | Marvin's Marvelous Mechanical Museum (2005) | Marvin's Marvelous Mechanical Museum (2008 Vinyl) Side B | +3 others Ruler of Everything
75%
Marvin's Marvelous Mechanical Museum (2005) | Marvin's Marvelous Mechanical Museum (2008 Vinyl) Side A | Marvin's Marvelous Mechanical Museum (2008) Taken for a Ride
75%
The Pingry EP Taken for a Ride (Acoustic)
75%
Complete Demos (Hidden) | Marvin's Marvelous Mechanical Museum (2005) (Hidden) | Marvin's Marvelous Mechanical Museum (2008 Vinyl) Side B (Hidden) Hidden in the Sand
73%
Marvin's Marvelous Mechanical Museum (2008) Hidden in the sand
73%
Admittedly Incomplete Demos | Just a Friend EP | Marvin's Marvelous Mechanical Museum (2008 Bonus Downloads) Just a Friend
73%
The Pingry EP Just a Friend (Live)
73%
2006 Residency Tour EP | Marvin's Marvelous Mechanical Museum (2005) | Marvin's Marvelous Mechanical Museum (2008 Vinyl) Side A | +2 others The Bidding
73%
Hawaii: Part II The Mind Electric
73%
Hawaii Partii The Mind Electric (8-Bit)
73%
Hawaii: Part II: Part ii The Mind Electric (Cojum Dip Instrumental)
73%
Hawaii: Part II: Part ii The Mind Electric (Demo)
73%
Hawaii: Part II: Part ii The Mind Electric (Demo 2)
73%
Hawaii: Part II: Part ii The Mind Electric (Demo 3)
73%
Hawaii: Part II: Part ii The Mind Electric (Demo 4)
73%
Hawaii: Part II: Part ii The Mind Electric ("Gott")
73%
Hawaii: Part II: Part ii The Mind Electric ("Help Me/Axon-Dendrite")
73%
Hawaii: Part II: Part ii The Mind Electric (Instrumental)
73%
Hawaii: Part II: Part ii The Mind Electric (Reamplification Effects)
73%
Hawaii: Part II: Part ii The Mind Electric (Sample - Sam Ku West Harmony Boys - "Sunkist Hawaii")
73%
Hawaii: Part II: Part ii The Mind Electric (Sample - Wolfgang Amadeus Mozart - Gloria - "Trinitatis")
73%
Hawaii: Part II: Part ii The Mind Electric ("Simon" Synth)
73%
Hawaii: Part II: Part ii The Mind Electric ("Teslacoil" Synth)
73%
Good & Evil | Turn The Lights Off (Single) Turn the Lights Off
73%
Admittedly Incomplete Demos Turn the Lights Off (Alternate Bridge)
73%
Marvin's Marvelous Mechanical Museum (2005) | Marvin's Marvelous Mechanical Museum (2008 Vinyl) Side B | Marvin's Marvelous Mechanical Museum (2008) Spring and a Storm
70%
Admittedly Incomplete Demos Spring and a Storm (Original Demo feat. Ryan Scott)
70%
Complete Demos | Marvin's Marvelous Mechanical Museum (2005) | Marvin's Marvelous Mechanical Museum (2008 Vinyl) Side B | +2 others Two Wuv
70%
Admittedly Incomplete Demos Two Wuv (Alternate Bridges)
70%
Marvin's Marvelous Mechanical Museum (2005) | Marvin's Marvelous Mechanical Museum (2008 Vinyl) Side B | Marvin's Marvelous Mechanical Museum (2008) Haiku
68%
Marvin's Marvelous Mechanical Museum (2005) | Marvin's Marvelous Mechanical Museum (2008 Vinyl) Side A | Marvin's Marvelous Mechanical Museum (2008) The Whole World and You
68%
The Pingry EP The Whole World and You (Acoustic)
68%
Admittedly Incomplete Demos The Whole World and You (Punk Rehearsal)
68%
Marvin's Marvelous Mechanical Museum (2005) | Marvin's Marvelous Mechanical Museum (2008 Vinyl) Side B | Marvin's Marvelous Mechanical Museum (2008) 13
65%
Marvin's Marvelous Mechanical Museum (2005) | Marvin's Marvelous Mechanical Museum (2008 Vinyl) Side A | Marvin's Marvelous Mechanical Museum (2008) Be Born
65%
The Pingry EP Be Born (Acoustic)
65%
Hawaii: Part II Labyrinth
65%
Good & Evil You & Me
65%
Admittedly Incomplete Demos You & Me (Zubin Lead Vocal Rehearsal)
65%
Hawaii: Part II Dream Sweet In Sea Major
63%
Hawaii Partii Dream Sweet in Sea Major (8-Bit)
63%
Hawaii: Part II: Part ii Dream Sweet In Sea Major (Demo)
63%
Hawaii: Part II: Part ii Dream Sweet In Sea Major (Demo 2)
63%
Hawaii: Part II: Part ii Dream Sweet In Sea Major (Electric Guitar)
63%
Hawaii: Part II: Part ii Dream Sweet In Sea Major (Instrumental)
63%
Hawaii: Part II Murders
63%
Hawaii: Part II: Part ii Murders (1949 Steinway Samples)
63%
Hawaii Partii Murders (8-Bit)
63%
Hawaii: Part II: Part ii Murders (Demo)
63%
Hawaii: Part II: Part ii Murders (Instrumental)
63%
Hawaii: Part II: Part ii Murders (Vocal Effects)
63%
Good & Evil A Lady
60%
Admittedly Incomplete Demos A Lady (Demo)
60%
Complete Demos | Marvin's Marvelous Mechanical Museum (2005) | Marvin's Marvelous Mechanical Museum (2008 Vinyl) Side B | +3 others Just Apathy
60%
unreleased Just Apathy #1
60%
unreleased Just Apathy #2
60%
Hawaii Partii Labyrinth (8-Bit)
60%
Hawaii: Part II: Part ii Labyrinth (A Capella Verses)
60%
Hawaii: Part II: Part ii Labyrinth (Chorus Demo)
60%
Hawaii: Part II: Part ii Labyrinth (Instrumental)
60%
Hawaii: Part II: Part ii Labyrinth ("I Rewind")
60%
Hawaii: Part II: Part ii Labyrinth (Royal Lions Chorus)
60%
Good & Evil Fate of the Stars
58%
Admittedly Incomplete Demos Fate of the Stars (Demo)
58%
Good & Evil Cannibal
55%
Admittedly Incomplete Demos Cannibal (Demo)
55%
Videojuegos Volume 2 | unreleased Intro
55%
Good & Evil Never Meant To Know
55%
Hawaii: Part II: Part ii Stranded Lullaby ("Ghost")
55%
Good & Evil The Trap
55%
Admittedly Incomplete Demos The Trap (Demo)
55%
Hawaii: Part II | Repurposed for solo projects Time Machine
55%
Hawaii: Part II: Part ii Time Machine (Demo)
55%
Hawaii: Part II: Part ii Time Machine (Demo 2)
55%
Hawaii: Part II: Part ii Time Machine (Demo 3)
55%
Hawaii: Part II: Part ii Time Machine (Instrumental)
55%
Hawaii: Part II (Pre-Order Vinyl) | Single Variations on a Cloud
55%
Variations On A Cloud EP Variations On A Cloud
55%
Hawaii: Part II: Part ii Variations on a Cloud (Instrumental)
55%
Good & Evil Hymn for a Scarecrow
53%
Admittedly Incomplete Demos Hymn For A Scarecrow (Demo)
53%
Videojuegos Volume 1 Mega Man 2 Introduction
53%
Hawaii: Part II Stranded Lullaby
53%
Hawaii Partii Stranded Lullaby (8-Bit)
53%
Hawaii: Part II: Part ii Stranded Lullaby (Demo)
53%
Hawaii: Part II: Part ii Stranded Lullaby (Demo 3)
53%
Hawaii: Part II: Part ii Stranded Lullaby (Instrumental)
53%
Hawaii: Part II: Part ii Stranded Lullaby (Sound Effects)
53%
Hawaii: Part II White Ball
53%
Hawaii Partii White Ball (8-Bit)
53%
Hawaii: Part II: Part ii White Ball (Ad Libs)
53%
Hawaii: Part II: Part ii White Ball (Bridge Demo)
53%
Hawaii: Part II: Part ii White Ball (Giggle)
53%
Hawaii: Part II: Part ii White Ball (Instrumental)
53%
Hawaii: Part II: Part ii White Ball (Piano Melody Demo)
53%
Hawaii: Part II: Part ii White Ball (Raw Strings)
53%
Hawaii: Part II: Part ii White Ball (Solo Demo)
53%
Hawaii: Part II Introduction to the Snow
50%
Hawaii: Part II: Part ii Introduction to the Snow (Demo)
50%
Hawaii: Part II: Part ii Introduction to the Snow (Instrumental)
50%
Hawaii: Part II Isle Unto Thyself
50%
Hawaii: Part II: Part ii Isle Unto Thyself (Demo)
50%
Hawaii: Part II: Part ii Isle Unto Thyself (Instrumental)
50%
Hawaii: Part II: Part ii Isle Unto Thyself (Wee-Oh)
50%
Good & Evil Sacred Beast
50%
Admittedly Incomplete Demos Sacred Beast (Demo)
50%
Hawaii: Part II: Part ii Black Rainbows (Chanting Tutorial)
48%
Happy Monster Band (Season 2) Yin & Yang
48%
Good & Evil Misery Fell
45%
Good & Evil Who You Are
43%
Admittedly Incomplete Demos Who You Are (Demo)
43%
Joe Hawley Joe Hawley Your Mother is a Basketball
43%
Hawaii: Part II Black Rainbows
40%
Hawaii: Part II: Part ii Black Rainbows ( A Capella Demo)
40%
Hawaii: Part II: Part ii Black Rainbows (Instrumental)
40%
Not a Trampoline | Repurposed for solo projects I'm Gonna Win
40%
Good & Evil Out in the Twilight
40%
Admittedly Incomplete Demos Out in the Twilight (Demo)
40%
Joe Hawley Joe Hawley Rotary Park
40%
Joe Hawley Joe Hawley Crazy Food/Crazy F*****
38%
Joe Hawley Joe Hawley Go to Bed
38%
Joe Hawley Joe Hawley Black People White People
35%
Joe Hawley Joe Hawley Bring Her Along
35%
Hawaii: Part II 宇宙ステーションのレベル7
33%
Hawaii Partii 宇宙ステーションのレベル7 (8-Bit)
33%
Hawaii: Part II: Part ii 宇宙ステーションのレベル7 (Disco Chorus)
33%
Hawaii: Part II: Part ii 宇宙ステーションのレベル7 ("Heaven")
33%
Hawaii: Part II: Part ii 宇宙ステーションのレベル7 (Instrumental)
33%
Joe Hawley Joe Hawley Bahamian Rap City
33%
Joe Hawley Joe Hawley Joe Hawley Attacks
33%
The Pingry EP All of My Friends (Acoustic)
30%
yelwaH eoJ yelwaH eoJ Aristotle’s Denial
30%
Unreleased Songs Break it Down
30%
Live Only Break It Down (2006 version)
30%
Cojum Dip Waltz in E-major, Op. 15 "Moon Waltz"
30%
Songs About Girls Yearbook
30%
unreleased Yearbook and Stan
30%
The Pingry EP Yearbook (Demo)
30%
Not a Trampoline Ghost
28%
Complete Demos | Welcome to Tally Hall (EP) (I Know) It's Just the Same
28%
sketches | sketches 3d lemons and pears
28%
sketches 3d (Kickstarter Bonus Version) lemons and pears (Toy Orchestra Version)
28%
Turn The Lights Off (Single) Light & Night
28%
Admittedly Incomplete Demos Light & Night (Demo)
28%
Joe Hawley Joe Hawley We Are in Space
25%
Single Candle On The Water
23%
Admittedly Incomplete Demos Color Be Gone (Demo)
23%
Not a Trampoline Garden of Eden
23%
Joe Hawley Joe Hawley Hoodz 'n the Woodz
23%
Not a Trampoline Old Bike
23%
Single Weird Bed &/ or Yes Please
23%
Not a Trampoline Flamingo
20%
sketches | sketches 3d miss melody
20%
Not a Trampoline Perfect
20%
Admittedly Incomplete Demos Sea Cucumber (Demo)
20%
Single Shia LaBeouf
20%
Cover - Joe Hawley | Joe Hawley Joe Hawley White Rabbit
20%
The Greatest Demo CD in the Universe (Febuary) 7/4
18%
Cover - Joe Hawley Everything Means Nothing To Me
18%
sketches | sketches 3d HEY YOU!
18%
Single Night & Ligh
18%
Single Special
18%
Joe Hawley Joe Hawley The Apologue of Hot Rod Duncan
18%
sketches | sketches 3d The Rainbow Connection
18%
Cojum Dip 134340 Pluto
15%
Cojum Dip 4-LOM
15%
Mr. President, There’s an Asteroid Headed Directly For the Earth: The Musical At the Club
15%
Mr. President, There’s an Asteroid Headed Directly For the Earth: The Musical At the Club (Reprise)
15%
Cojum Dip | Turk Off EP Cell
15%
Songs About Girls Effort and Apathy
15%
Repurposed for solo projects Inside the Mind of Simon
15%
Cojum Dip | The Greatest Demo CD in the Universe (Febuary) | The Greatest Demo CD in the Universe (September) | Turk Off EP Jabberwocky
15%
The Greatest Demo CD in the Universe (September) Jabberwocky (Live at The Palace)
15%
Joe Hawley Joe Hawley LaineD s'eltotsirA
15%
Not a Trampoline La Telenovela
15%
Cojum Dip M54
15%
Complete Demos | Party Boobytrap V1-2 Stationary Love
15%
Cojum Dip | The Greatest Demo CD in the Universe (Febuary) | The Greatest Demo CD in the Universe (September) | Turk Off EP Tap Tap Tap
15%
Not a Trampoline All I Need Is You
13%
sketches | sketches 3d daisy fingers
13%
yelwaH eoJ yelwaH eoJ deB ot oG
13%
Not a Trampoline In Memoriam
13%
yelwaH eoJ yelwaH eoJ kraP yratoR
13%
Happy Monster Band (Season 2) London Town
13%
Cover - Live Praise You
13%
Cojum Dip | The Greatest Demo CD in the Universe (Febuary) | The Greatest Demo CD in the Universe (September) | Turk Off EP Puzzle Dust
13%
Cover - Recording Smile Like You Mean It
13%
Songs About Girls Almost Raining
10%
sketches | sketches 3d at the end
10%
yelwaH eoJ yelwaH eoJ dooF yzarC
10%
yelwaH eoJ yelwaH eoJ elpoeP etihW elpoeP kcalB
10%
Cover - Live Everyday
10%
sketches have a nice day (interludinal)
10%
sketches 3d Have a nice day (interludinal)
10%
sketches | sketches 3d hummingbird
10%
Not a Trampoline Let Your Mother Know
10%
yelwaH eoJ yelwaH eoJ llabteksaB a si rehtoM ruoY
10%
Not a Trampoline Lonely (But Not Alone)
10%
sketches | sketches 3d nowhere else
10%
Mr. President, There’s an Asteroid Headed Directly For the Earth: The Musical Overture
10%
Cojum Dip | The Greatest Demo CD in the Universe (Febuary) | The Greatest Demo CD in the Universe (September) | Turk Off EP Reverse Mullet
10%
yelwaH eoJ yelwaH eoJ skcattA yelwaH eoJ
10%
Admittedly Incomplete Demos | Cover - Recording The Minstrel Boy
10%
Not a Trampoline The Rendezvous
10%
Mr. President, There’s an Asteroid Headed Directly For the Earth: The Musical Waiting
10%
Admittedly Incomplete Demos Another Minute (Live at the Frieze Basement, December 2002)
8%
Hawaii Partii Continue?
8%
Happy Monster Band (Season 1) Do the Monster Stomp
8%
Cover - Live Free Bird
8%
yelwaH eoJ yelwaH eoJ gnolA reH gnirB
8%
sketches 3d (Kickstarter Bonus Version) Grandpa is Hiding
8%
Hawaii Partii Heaven
8%
Admittedly Incomplete Demos "Keep Up the Good Work!" Theme
8%
Cover - Joe Hawley Lady Madonna
8%
unreleased Lady Madonna - A Capella
8%
Unreleased Songs Maybe In The Night
8%
Happy Monster Band (Season 1) Monster Hoe Down
8%
Single Nobody Else Quite Like You
8%
Songs About Girls Passing
8%
Cover - Joe Hawley Sleigh Ride and Powerful Mario
8%
Admittedly Incomplete Demos "Songy Song"
8%
Cover - Joe Hawley | Cover - Live Space Oddity
8%
Hawaii: Part II: Part ii Stranded Lullaby (Demo 2)
8%
Happy Monster Band (Season 2) The Italian Way
8%
yelwaH eoJ yelwaH eoJ ytiC paR naimahaB
8%
Unreleased Songs At Least a Day
5%
Live Only At Least A Day
5%
Cover - Live Blinded by the Light
5%
Cover - Joe Hawley Bohemian Rhapsody
5%
The Pingry EP (Hidden) Cell Phone Call
5%
Single Christian Bale is at Your Party
5%
Cover - Recording Club Can't Handle Me
5%
Single Cuckoo
5%
unreleased Dot's Uke
5%
yelwaH eoJ yelwaH eoJ ecapS ni era eW
5%
Live Only | unreleased Einstein
5%
Happy Monster Band (Season 1) Even Monsters Cry Sometimes
5%
Live Only Fishes
5%
Happy Monster Band (Season 1) Get Up and Go Go Go
5%
The Greatest Demo CD in the Universe (Febuary) | The Greatest Demo CD in the Universe (September) How?
5%
River Wild I Stand by Your Side
5%
Toy Orchestra It's The End
5%
unreleased L'Frou Jibet
5%
Cover - Live Life In A Cube
5%
Cover - Listedblack Like a Prayer
5%
Admittedly Incomplete Demos "Love Track" (Rehearsal)
5%
Admittedly Incomplete Demos Marvin's SFX - "Bohemian Rhapsody" (Sample)
5%
Live Only Monsters
5%
yelwaH eoJ yelwaH eoJ nacnuD doR toH fo eugolopA ehT
5%
Videojuegos Volume 1 Press Start/Boss Battle
5%
Cover - Live Pure Imagination
5%
Videojuegos Volume 1 Quick Man
5%
Happy Monster Band (Season 2) Siesta, Siesta
5%
Admittedly Incomplete Demos Spiced Rum Commercial (Demo)
5%
Admittedly Incomplete Demos Tally Hall's Internet Show Theme
5%
Single The Ballad of Nathan Naimark
5%
unreleased The Gobble Chicken Song
5%
sketches 3d (Kickstarter Bonus Version) Tomorrow and Today
5%
Single Tomorrow & Today
5%
Cover - Live Who Loves The Sun?
5%
Videojuegos Volume 1 Wood Man
5%
Single Yes Please &/ or Weird Bed
5%
yelwaH eoJ yelwaH eoJ zdooW eht n’ zdooH
5%
The Greatest Demo CD in the Universe (Febuary) | The Greatest Demo CD in the Universe (September) | Turk Off EP 4♥O$
3%
Happy Monster Band (Season 2) At the Rodeo
3%
Happy Monster Band (Season 2) A Wonderful Time in France
3%
Cover - Live Baby Got Back
3%
Cover - Listedblack Black or White
3%
Admittedly Incomplete Demos Blind Pig Introduction (January 2008)
3%
Etudes Blues Etude
3%
Videojuegos Volume 2 Boss Battles (Mega Man 3)
3%
Music for ADs Comcast Xfinity
3%
Single Country Good
3%
Videojuegos Volume 1 Crash Man
3%
Happy Monster Band (Season 1) Dirty, Smelly Monster Chores
3%
Happy Monster Band (Season 1) Do Re Me-Me-Me
3%
Cover - Live Down By The Bay
3%
unreleased D Spectacular
3%
Cover - Toy Orchestra Eight Days A Week
3%
Etudes Etude in 2nds
3%
Etudes Fast Etude
3%
Videojuegos Volume 2 Gemini Man
3%
StartUp Going Purple
3%
Cover - Live Gonna Fly Now
3%
Cover - Live Happy Together
3%
Videojuegos Volume 2 Hard Man
3%
Videojuegos Volume 1 Heat Man
3%
Happy Monster Band (Season 2) Here in Australia
3%
Happy Monster Band (Season 1) I'm the Best at Being Me
3%
Happy Monster Band (Season 2) In India
3%
Happy Monster Band (Season 1) I Will Be Your Friend
3%
Unreleased Songs Kazoo Song
3%
Happy Monster Band (Season 2) Konnichiwa!
3%
Cover - Live La Bamba
3%
Videojuegos Volume 1 Metal Man
3%
Admittedly Incomplete Demos Mobile Phone Premonition (Live at the Frieze Basement, December 2002)
3%
Live Only | unreleased Monopoly and Clue
3%
Videojuegos Volume 2 Needle Man
3%
Toy Orchestra Once Upon a Time
3%
Etudes Pop Etude
3%
Happy Monster Band (Season 1) Practice Makes Progress
3%
Happy Monster Band (Season 1) Scare Up Some Fun
3%
Videojuegos Volume 2 Shadow Man
3%
Single Shia LaBeouf Live
3%
Single Sleigh Ride Invincibility Star
3%
Videojuegos Volume 2 Snake Man
3%
Cover - Live Stan
3%
Live Only | unreleased Summer Song
3%
unreleased Summer Song #2
3%
Happy Monster Band (Season 2) The Monster Tangle
3%
unreleased The Start Of Our City
3%
yelwaH eoJ yelwaH eoJ tibbaR etihW
3%
Videojuegos Volume 2 Top Man
3%
Etudes II Triad Etude
3%
Etudes II Vamp Etude
3%
Cover - Rob Cantor Why Bother?
3%
Live Only | unreleased Winter Song
3%
Etudes 12-Tones Etude
0%
Videojuegos Volume 1 Air Man
0%
Etudes II A Little Funk-ay Etude
0%
Cover - Toy Orchestra All I Want
0%
Toy Orchestra All Our Life
0%
Cover - Live All Together Now
0%
Etudes Applause Etude
0%
unreleased "Barbershop"
0%
Cover - Live Because
0%
Three Tales From a Messy Kitchen BEWARE OF THE UNTAPPED SINK
0%
Cover - Live Blackbird
0%
Cover - Live Bolero
0%
The Greatest Demo CD in the Universe (Febuary) | The Greatest Demo CD in the Universe (September) Bressed Men
0%
Videojuegos Volume 1 Bubble Man
0%
Cover - Toy Orchestra California Girls
0%
Cover - Live Cecilia
0%
Music for ADs Chevrolet
0%
Etudes II Crash-And-Burn Etude
0%
Cover - Live Dancing in the Moonlight
0%
Cover - Toy Orchestra Don't Stop Believing
0%
Videojuegos Volume 1 Dr. Wily 2.1
0%
Videojuegos Volume 2 Dr. Wily 3.2
0%
Etudes Etude in 5ths
0%
Videojuegos Volume 1 Flash Man
0%
Cover - Live For What It's Worth
0%
Cover - Live Free Fallin'
0%
Cover - Live Ghostbusters
0%
Three Tales From a Messy Kitchen Goodnight Sun
0%
Cover - Live Ground Theme and Underground Theme
0%
Toy Orchestra Half The Time
0%
Etudes II Indie-Rock (Two-Finger) Etude
0%
Cover - Live Jump
0%
Cover - Live Just What I Need
0%
unreleased "Kouple Khords"
0%
unreleased Let Your Little Light Shine
0%
Cover - Toy Orchestra Life Is A Highway
0%
Cover - Joe Hawley Life Is Flashing Before Your Eyes
0%
Videojuegos Volume 2 Magnet Man
0%
Cover - Live Maple Leaf Rag
0%
The Greatest Demo CD in the Universe (Febuary) Mome Wrath
0%
Videojuegos Volume 2 Pronto Man
0%
Cover - Joe Hawley Since I Don't Have You
0%
Live Only Someone Will Be There
0%
unreleased Song About Girl #3
0%
Videojuegos Volume 2 Spark Man
0%
Cover - Live Stand by me
0%
Cover - Joe Hawley 'Super Guitario' Super Mario Bros. Medley
0%
SiX TAPE The Animator
0%
Cover - Live The Continuing Story of Bungalow Bill
0%
Three Tales From a Messy Kitchen The Dead Cockroach
0%
unreleased The Sign
0%
Cover - Live To Be With You
0%
Music for ADs Toys R Us
0%
Cover - Live Undone (The Sweater Song)
0%
Cover - Live Video Killed The Radio Star
0%
Toy Orchestra We've Traveled Far
0%
Etudes II Where We Left Off Etude
0%
Cover - Live Why Don't We Do It In The Road?
0%
Live Only Worlds In My Head
0%
Cover - Live You're All I Need to Get By
0%
No matching quizzes found
Score Distribution
Percent of People with Each Score
Percentile by Number Answered
Your Score History
You have not taken this quiz since the last reset